000 00992nam a2200265Ia 4500
003 OSt
005 20221005103840.0
006 a|||||r|||| 00| 0
007 ta
008 221004b |||||||| |||| 00| 0 san d
020 _a9788178542270 (hbk)
_c650
024 _a1653
037 _b190, 22/09/2012, Eastern Book Linkers
_cTextual
040 _aCRL
_cCRL
_bsan
041 _2san
_asan
082 _aO152,6N43x, Q2
100 _a्रमिश्र, राजेन्द्र अभिराज
245 0 _aस्वाध्यायपर्व
246 _aSvādhyāyaparva
260 _aदिल्ली
_bईस्टर्न बुक लिंकर्स भारत
_c2012
300 _a266पृ0
_ccm.
650 _aहिन्दी साहित्य
942 _hO152,6N43x, Q2
_cTEXL
_2cc
999 _c1011082
_d1011082